Handbook of psycholinguistics (Record no. 1434623)

MARC details
000 -LEADER
fixed length control field 00791nam a22002537a 4500
005 - DATE AND TIME OF LATEST TRANSACTION
control field 20250807163628.0
008 - FIXED-LENGTH DATA ELEMENTS--GENERAL INFORMATION
fixed length control field 250807b |||||||| |||| 00| 0 eng d
020 ## - INTERNATIONAL STANDARD BOOK NUMBER
International Standard Book Number 978-1-118-82950-9(hbk)
037 ## - SOURCE OF ACQUISITION
Terms of availability Handbook
040 ## - CATALOGING SOURCE
Original cataloging agency CRL
Transcribing agency CRL
041 ## - LANGUAGE CODE
Source of code eng
Language code of text/sound track or separate title eng
084 ## - COLON CLASSIFICATION NUMBER
Classification number P:(S)g Q8
Assigning agency CRL
245 ## - TITLE STATEMENT
Title Handbook of psycholinguistics
260 ## - PUBLICATION, DISTRIBUTION, ETC.
Place of publication, distribution, etc. West Sussex, USA:
Name of publisher, distributor, etc. John Wiley,
Date of publication, distribution, etc. 2018.
300 ## - PHYSICAL DESCRIPTION
Extent xxv,750p.
365 ## - TRADE PRICE
Price amount 195.00
Currency code USD
650 ## - SUBJECT ADDED ENTRY--TOPICAL TERM
Topical term or geographic name entry element LINGUISTICS
650 ## - SUBJECT ADDED ENTRY--TOPICAL TERM
Topical term or geographic name entry element PSYCHOLOGY
650 ## - SUBJECT ADDED ENTRY--TOPICAL TERM
Topical term or geographic name entry element REFERENCE BOOKS
700 ## - ADDED ENTRY--PERSONAL NAME
Personal name Fernandez, Eva M.
Relator term Editor
9 (RLIN) 604329
700 ## - ADDED ENTRY--PERSONAL NAME
Personal name Helen Smith Cairns
Relator term Editor
9 (RLIN) 817481
942 ## - ADDED ENTRY ELEMENTS (KOHA)
Source of classification or shelving scheme Colon Classification (CC)
Koha item type Reference
Classification part P:(S)g Q8
Suppress in OPAC No
Holdings
Withdrawn status Lost status Source of classification or shelving scheme Damaged status Not for loan Home library Current library Date acquired Source of acquisition Cost, normal purchase price Inventory number Total Checkouts Full call number Barcode Date last seen Price effective from Koha item type
    Colon Classification (CC)     Central Library Central Library 2025-08-07 Bright Book Service 195.00 1534 & 07/03/2018   P:(S)g Q8 CL1642345 2025-08-07 2025-08-07 Reference
Copyright @ Delhi University Library System